000 00511nam a22001817a 4500
003 OSt
008 240412b |||||||| |||| 00| 0 eng d
020 _a9789389423341
082 _a006.7 BRB
100 _aBRAVO,Aristides Villarreal
245 _aBuilding Modern Web Applicatins with Jakarta EE,NoSQL Databases and Microservices
250 _a1st Ed
260 _aNew Delhi
_bBPB
_c2023
300 _a368
700 _aGONZALEZ,Geovanny Mendoza
700 _aSANTANA,Otavio Goncalves De
942 _2ddc
_cBK
999 _c12462
_d12462